000 00670nam a2200193Ia 4500
001 22194
003 GE_BSU
008 181216s||||||||xx |||||||||||||| ||und||
040 _cGE_BSU
245 _aУспехи современной биологии, Том 137. №6 Ноябрь-Декабрь 2017.
245 _cГл.ред.И.А.Захаров-Гезечус и др.
260 _aМосква
260 _c2017
300 _a531-624 стр. 29см.
653 _aПериодика
653 _aУспехи современной биологии, Том 137. №6 Ноябрь-Декабрь 2017
653 _aპერიოდიკა
942 _cCR
999 _c55119
_d55119